000 00551nam a2200169Ia 4500
008 090123s9999 xx 000 0 und d
082 _b30106
_a891.463/वाळि
100 _aवाळिंबे शरदचंद्र
245 _aदिलदार
250 _a1
260 _bचंद्रमौळी प्रकाशन
600 _aवाळिंबे शरदचंद्र
630 _aदिलदार
700 _aवाळिंबे शरदचंद्र
730 _aदिलदार
942 _cBOOK
999 _c69040
_d69040